Szegedi rendező Szombathelyen
Elmentve itt :
| Dokumentumtípus: | Cikk |
|---|---|
| Megjelent: |
1978-07-19
|
| Sorozat: | Délmagyarország
68 No. 168 |
| Kulcsszavak: | Horváth Zoltán, Szegedi Nemzeti Színház |
| Online Access: | http://dmarchiv.bibl.u-szeged.hu/94810 |
| LEADER | 00429nab a2200145 i 4500 | ||
|---|---|---|---|
| 001 | delm94810 | ||
| 005 | 20190516150128.0 | ||
| 008 | 190516s1978 hu o 0|| hun d | ||
| 040 | |a SZTE Délmagyarország Archívum |b hun | ||
| 041 | |a hun | ||
| 245 | 0 | 0 | |a Szegedi rendező Szombathelyen |h [elektronikus dokumentum] |
| 260 | |c 1978-07-19 | ||
| 300 | |a 8 | ||
| 490 | 0 | |a Délmagyarország |v 68 No. 168 | |
| 695 | |a Horváth Zoltán, Szegedi Nemzeti Színház | ||